Top 10 nationally unofficial languages in European countries - Statistics

General Stats
  • This quiz has been taken 113 times
  • The average score is 9 of 10
Answer Stats
% native speakers Unofficial language Country % Correct
35,0% Russian Ukraine
98%
37,2% Russian Latvia
97%
29,6% Russian Estonia
97%
20,4% Catalan Spain
96%
7,2% Russian Lithuania
90%
9,4% Turkish Bulgaria
84%
5,3% Albanian Montenegro
82%
5,3% Polish Lithuania
81%
9,4% Hungarian Slovakia
80%
6,1% Hungarian Romania
78%
No matching quizzes found
Score Distribution
Percent of People with Each Score
Percentile by Number Answered
Your Score History
You have not taken this quiz